Statistiken für Hunderassen A-Z Quiz

Klicken Sie hier um das Quiz zu spielen!

Allgemein

  • Dieses Quiz wurde 179 mal gespielt
  • Das Durchschnittsergebnis liegt bei 11 aus 22

Antwortstatistiken

BeschreibungRasse% Korrekt
DHat ein gepunktetes Fell, bekannt durch Disney Filme (101 ...)Dalmatiner
94%
LBeliebter Familienhund, kommt in den Fell-Farben gelb, braun und schwarzLabrador Retriever
82%
CKleinste Hunderasse, nach einem mexikanischen Bundestaat benanntChihuahua
79%
BWurde bekannt als Lawinenhund in den Schweizer Bergen; "Beethoven"Bernhardiner
75%
MTypische Merkmale sind eine flache Schnauze und ein gekringelter SchweifMops
75%
SSchlittenhund mit manchmal strahlend blauen AugenSiberian Husky
69%
PFranzösische Rasse, bei Ausstellungen oft mit Modeschuren zu sehenPudel
66%
GGutmütiger Familienhund, Darsteller im Kinderfilm "Air Bud"Golden Retriever
65%
RKräftige deutsche Rasse mit Schwarz-rotbraunem FellRottweiler
65%
AJapanische Rasse, das wohl berühmteste Tier war "Hachikō"Akita Inu
58%
JKleiner, intelligenter Jagdhund, nach seinem Züchter benanntJack Russell Terrier
51%
IGrößte Hunderasse, ursprünglich zur Wolfsjagd eingesetztIrischer Wolfshund
49%
ERasse mit breitem Körperbau und "grimmigem" GesichtEnglische Bulldoge
45%
FWurde zur Fuchsjagd eingesetzt; "Struppi" aus Tim und StruppiFoxterrier
45%
ZKleinere Zuchtvariante des Spitzes; Internet-Berühmtheit "Boo"Zwergspitz
43%
NKanadische Rasse, wird u.a. als Wasserrettungshund eingesetztNeufundländer
40%
KTürkische Hütehundrasse mit typisch schwarzer GesichtszeichnungKangal
33%
YUrsprünglich zur Nagetierjagd eingesetzt, heute oft als Modehund zu sehenYorkshire Terrier
33%
WVorstehhund mit silber-grauem Fell, kurz- oder langhaarigWeimaraner
30%
HEin Bichon (frz. für: Schoßhund) aus Mittelamerika/KubaHavaneser
24%
TEine langhaarige Varietät des Belgischen SchäferhundesTervueren
11%
OHüte- und Treibhund, ein anderer Name der Rasse ist BobtailOld English Sheepdog
7%

Verteilung der Resultate

Perzentil nach korrekt beantworteten Fragen

Anzahl Personen mit jedem Resultat

Ihre Resultats-Entwicklung

Sie haben dieses Quiz noch nicht gespielt